000
00245nam a2200109Ia 4500
008
221009s9999 xx 000 0 und d
082
_a
741.642
100
_a
Parragon
_9
35765
245
0
_a
Animals of The World
260
_b
Parragon
942
_c
BK
999
_c
64584
_d
64584